LEADER 00771nam0-2200289---450- 001 990009630190403321 005 20121015111934.0 035 $a000963019 035 $aFED01000963019 035 $a(Aleph)000963019FED01 035 $a000963019 100 $a20121010d2005----km-y0itay50------ba 101 0 $aeng 102 $aGB 105 $ay-------001yy 200 1 $a<>Left alternative$fRoberto Mangabeira Unger 210 $aLondon$aNew York$cVerso$d2005 215 $axxii, 197 p.$d18 cm 676 $a335$v21 700 1$aUnger,$bRoberto Mangabeira$0143449 801 0$aIT$bUNINA$gRICA$2UNIMARC 901 $aBK 912 $a990009630190403321 952 $aXV E2 263$b442/DEC$fDTE 959 $aDTE 996 $aLeft alternative$9848775 997 $aUNINA